Inovačný potenciál a reinžiniering v SR

Vývoj vybraných odvetví priemyslu v SR. Produktivita práce a inovačný potenciál. Reinžiniering a slovenské firmy.

Guardado en:
Detalles Bibliográficos
Autor principal: Vavrinčík, Pavel
Formato: Capítulo de libro
Lenguaje:eslovaco
Materias:
Etiquetas: Agregar Etiqueta
Sin Etiquetas, Sea el primero en etiquetar este registro!

MARC

LEADER 00000naa$a2200000$$$4500
001 0053621
005 20231108130649.1
041 0 |a slo 
044 |a SK 
245 1 0 |a Inovačný potenciál a reinžiniering v SR  |c Pavel Vavrinčík 
520 |a Vývoj vybraných odvetví priemyslu v SR. Produktivita práce a inovačný potenciál. Reinžiniering a slovenské firmy. 
610 2 0 |a inovácia 
610 2 0 |a stratégia inovačná 
610 2 0 |a odvetvia priemyselné 
610 2 0 |a Slovensko 
610 2 0 |a reengineering 
610 2 0 |a produktivita práce 
610 2 0 |a prostredie podnikateľské 
100 1 |a Vavrinčík, Pavel